Régions de Turquie - Statistiques

Statistiques générales
  • Ce quiz a été pris 119 fois
  • Le résultat moyen est 5 sur 7
Statistiques - réponses
Hint Réponse % Correct

Région de la mer Noire
93%

Région de l'Anatolie centrale
90%

Région de l'Anatolie du Sud-Est
80%

Région méditerranéenne
75%

Région Égéenne
65%

Région de Marmara
63%

Région de l'Anatolie orientale
62%
Aucun quiz correspondant
Distribution des résultats
% des personnes avec chaque résultat
Percentile par nombre de réponses
Votre historique - résultats
Vous n’avez pas pris ce quiz